Manažment IT služieb diplomová práca

Salvato in:
Dettagli Bibliografici
Autore principale: Kusza, Dávid
Ente Autore: Fakulta hospodárskej informatiky EU. Katedra aplikovanej informatiky
Altri autori: Rakovská, Eva, 1963-
Natura: Libro
Lingua:slovacco
Pubblicazione: Bratislava 2015
Tags: Aggiungi Tag
Nessun Tag, puoi essere il primo ad aggiungerne!!

MARC

LEADER 00000nbm a2200000 4500
001 0203461
005 20161212112156.4
041 0 |a slo 
044 |a SK 
245 1 0 |a Manažment IT služieb  |b diplomová práca  |c Dávid Kusza ; školiteľ: Eva Rakovská 
264 1 |a Bratislava  |c 2015 
300 |a 83 s. 
100 1 |a Kusza, Dávid 
700 1 |a Rakovská, Eva, 1963- 
710 2 |a Fakulta hospodárskej informatiky EU. Katedra aplikovanej informatiky